The crisis in Greece Missteps and miscalculations /

Bibliographic Details
Main Author: Andersen, Benny
Format: eBook
Language:English
Published: Bruselas: European Union Publications Office, 2020
Subjects:
Online Access:Acceso restringido

MARC

LEADER 00000nam a22000007a 4500
005 20211019000424.0
007 cr|||| ||||
008 211019s2020 eu |||||s|||| 00||0 eng d
020 |a 978-92-95085-85-5 
035 |a 33950 
040 |a vLex 
090 |c 12599  |d 12599 
100 1 |a Andersen, Benny 
245 1 3 |a The crisis in Greece  |h [Recurso electrn̤ico] :  |b Missteps and miscalculations /  |c Benny Andersen 
256 |a Servicio en ln̕ea 
260 |a Bruselas:  |b European Union Publications Office,  |c 2020 
300 |a 1 recurso electrn̤ico 
500 |a This paper analyses the origins of the Greek economic and financial crisis, covering 1981 to 2012. The work depicts how unsustainable imbalances built up over a prolonged period, often fueled by ample low-cost financing sources. It analyses the underlying forces such as institutional shortcomings, data misreporting, and deeply engrained social values and practices that nurtured a climate of widespread corruption and political favoritism. The paper addresses the achievements and shortcomings of the 2010 international support programme and its overall weak traction in Greece. While deficiencies in international surveillance and financial architecture played a role, the paper concludes that the key drivers of the crisis and of the mixed progress in the previous decades were home-grown. 
506 1 |a Disponible solo en los productos indicados  |d vLex Global  |d vLex Global (Academic Edition, excluding Law Schools)  |d vLex Global (U.S. Academic Edition, Law Schools)  |d vLex Global (U.S. Academic Edition, excluding Law Schools)  |d vLex Global (Academic Edition, Law Schools) 
650 0 4 |a Derecho Comunitario  |z Unin̤ Europea 
740 0 |a vLex Libros (Servicio en ln̕ea) 
856 4 0 |u https://app.vlex.com/#/sources/33950  |z Acceso restringido 
942 |c BOOK 
999 0 |a Community Law